| 000 | 01311njm a2200313Ia 4500 | ||
|---|---|---|---|
| 001 | H6004 | ||
| 003 | IT-RoPAU | ||
| 005 | 20220918181154.0 | ||
| 008 | 131025s9999 xx 000 0 und d | ||
| 040 | _aIT-RoPAU | ||
| 040 | _cIT-RoPAU | ||
| 041 | _aITALIANO | ||
| 999 |
_c102440 _d102440 |
||
| 999 | _bn.d. | ||
| 100 |
_aDi Mario Angelo _9853 |
||
| 100 |
_eAutore musica _933574 |
||
| 100 |
_gCodice autore musica SPICS: 10868 _9855 |
||
| 245 | _aNatale in terra straniera - Spettacolo per bambini | ||
| 250 | _a1a ed. | ||
| 260 | _aMILANO | ||
| 260 |
_bMULTIMEDIA SAN PAOLO _c2005 [1a Ed.:2005 - Ed. Lingua Orig.: 2005] |
||
| 300 | _aSPARTITO MUSICALE | ||
| 300 | _c (Testo: 32 pag.) | ||
| 500 | _aSpartito musicale. Spettacolo natalizio per bambini. Tra le varie canzoni ci sono i testi per lo spettacolo. | ||
| 505 | _aSanta Lucia luntan (E.A. Mario) - Terra amata - Naufragio del Sirio - Mamma mia, dammi cento lire (Anonimo) - Minatori non partite - Lacreme napulitane (Bongiovanni-Bosio) - Voglio cantar - E' Natale brava gente - Sinfonia natalizia. | ||
| 511 | _aCoro le Piccole Voci di Angelo Di Mario | ||
| 650 |
_aRELIGIOSO/RECIT [SPARTITI MUSICALI] _eCodice MATERIA SPICS: 9953 _933575 |
||
| 700 |
_aDi Mario Angelo _eAutore testo e musica _gCodice autore testo/musica SPICS: 10868 _933576 |
||
| 942 |
_cMS _2ddc |
||